000 00925nam a2200241 a 4500
001 74537
003 BD-RjUL
005 20211209082551.0
008 181022s2017 bg ||||| b||| 00| 0dben d
020 _a978-984-8797-84-6
035 _a(BD-RjUL)74755
040 _aBD-RjUL
_bben
_cBD-RjUL
_dBD-RjUL
041 _aben
082 _223
_a320.9
_bALP 2017
100 1 _aআলম, বায়েজীদ
_9224041
245 1 _aপ্রাচ্যের রাষ্ট্রচিন্তা /
_cবায়েজীদ আলম
260 _aঢাকা :
_bঅবসর প্রকাশনা সংস্থা,
_c২০১৭
300 _a১৮৭ পৃ. ;
_c২০ সেমি.
504 _aগ্রন্থপঞ্জী সংযুক্ত।
650 _aরাষ্ট্রবিজ্ঞান
_vইতিহাস
_9224042
650 _aPolitical science
_vHistory.
_9224043
942 _2ddc
_cBK
999 _c74537
_d74537